| 000 | 01379nam a2200337 c 4500 | ||
|---|---|---|---|
| 003 | BLK | ||
| 005 | 20180420234305.0 | ||
| 008 | 180410b bul|||||r ||||||| ||bul|| | ||
| 010 | _aKNG00163106000 | ||
| 040 | _aBLK | ||
| 041 |
_aBUL _cBUL |
||
| 080 |
_aМеждународни политически отношения. Световна политика. Международна политика. Дипломация _b327 _x(7/8) _z327(7/8) |
||
| 100 | 1 |
_aНиколов, Стефан Емилов _eпърви автор _9268723 |
|
| 139 |
_aНиколов, Стефан Емилов _bН 74 |
||
| 245 | 1 | 0 |
_aДоларова дипломация _bВъншнополит. лобизъм в САЩ : Очерк _cСтефан Емилов Николов. |
| 257 | _aBGR | ||
| 260 |
_аСофия _bВоен. изд. _c1987 |
||
| 300 |
_a196 с. _c20 см |
||
| 380 | _a3 | ||
| 490 | 1 | _aСъвременност | |
| 500 | _a2 840 тир. - Именен, геогр. показалец. | ||
| 650 | 4 |
_aСАЩ - външна политика _9246834 |
|
| 651 | 4 |
_aСАЩ _9179493 |
|
| 653 | _aвъншна политика | ||
| 653 | _aочерци | ||
| 852 | _aЦб 149146 | ||
| 856 | 4 |
_qpdf _u |
|
| 856 | 4 |
_qpdf _u |
|
| 942 |
_cKNG _n0 |
||
| 944 |
_aCR _c16.07.2014 _l16.07.2014 - от С1,Р / 16.07.2014 _kКина_Георгиева |
||
| 944 |
_aED _c16.07.2014 _l16.07.2014 - от С1,Р / 16.07.2014 _k |
||
| 999 |
_c156300 _d156300 |
||